Movies Quiz

Random Movies or Actor Quiz

Actors in Three Decades Quiz Stats

 Plays Quiz Updated Feb 26, 2019

Support Sporcle.
Go Orange.
Score 0/90 Timer 12:00
2 Plays Today
% Correct
Top Gun
91.5%
Jerry Maguire
88.8%
Wild at Heart
88%
Blade Runner
87.7%
Edward Scissorhands
87.1%
Philadelphia
85%
Predator
83.5%
The Fugitive
80%
Public Enemies
79.8%
Pulp Fiction
78.6%
Big
78%
The Bodyguard
77%
The Shining
77%
Braveheart
76.8%
The Last Samurai
76.7%
Dirty Dancing
76%
Taken
75.9%
Ghost
75.8%
Heat
75.6%
Amistad
73.5%
Ghostbusters
73.4%
Invictus
73.4%
Schindler's List
73.3%
Total Recall
73.2%
Cast Away
72.6%
The Fugitive
72.5%
Gone in Sixty Seconds
70%
First Blood
69.7%
Mystic River
69.6%
Pretty Woman
69.1%
% Correct
48 Hrs.
68.8%
Suspect
68.2%
Footloose
66.9%
Groundhog Day
66.3%
Training Day
66.3%
Gran Torino
65.5%
Fatal Attraction
64.5%
Lethal Weapon
62.2%
Lost In Translation
61.7%
There will be Blood
61.1%
Rambo
61.1%
Shrek
61%
Apollo 13
60.7%
Hoffa
60.3%
Swordfish
60.1%
The Bucket List
59.2%
Scarface
58%
Malcolm X
57.4%
Platoon
57.3%
Panic Room
56.6%
Cliffhanger
55.9%
Crimson Tide
55.2%
Rules of Engagement
55%
Boomerang
53.9%
The Big Lebowski
53.8%
Chicken Run
52.7%
My Left Foot
51%
Valley Girl
50.4%
Unforgiven
49.2%
Field of Dreams
48.3%
% Correct
Glory
48%
Basic Instinct
47.6%
The Crucible
47%
True Romance
46.6%
Casualties of War
45.4%
Hollow Man
44.3%
What Lies Beneath
43.9%
Dead Man Walking
40.5%
Platoon
39.2%
American Gigolo
38.6%
TRON
38.5%
Look Who's Talking
38.3%
Terminator 3
38.2%
Mississippi Burning
37.8%
The Verdict
37.8%
Chicago
36.6%
Iron Man
36.6%
Cry Freedom
35.4%
Insomnia
29.3%
Road To Perdition
29.2%
Heathers
28.1%
Runaway Jury
27.8%
Pale Rider
24.4%
The Crying Game
23.1%
Wonder Boys
18.4%
Thirteen Days
17.6%
Donnie Darko
15.9%
The Hudsucker Proxy
13.5%
Coal Miner's Daughter
9.7%
Bobby
7.7%

You're not logged in!

Compare scores with friends on all Sporcle quizzes.
OR
Log In

From the Vault

'ORC' Words

by caramba

We always knew there was something wrong with these words.
Remove Ads.
Support Sporcle.
Get the best of Sporcle when you Go Orange. This ad-free experience offers more features, more stats, and more fun while also helping to support Sporcle. Thank you for becoming a member.

Show Comments

Extras

Top Quizzes Today


Score Distribution

Your Account Isn't Verified!

In order to create a playlist on Sporcle, you need to verify the email address you used during registration. Go to your Sporcle Settings to finish the process.

Report this User

Report this user for behavior that violates our Community Guidelines.

Details: